01069nam a2200193Ia 4500001001000000003001000010008004100020040002500061041001300086100003800099245004400137250001200181260006200193300002800255500022200283501011400505520022200619650003400841L235-7379IT-CnALBA170116s9999||||xx |||||||||||||| ||und|| aIT-CnALBAcIT-CnALBA aITALIANO aGRIGNON DE-MONTFORT LUIGI, SANTO. 0aTRATTATO DELLA VERA DEVOZIONE A MARIA.  a34a ed. a BRESCIA ROMAbMONFORTANE EDIZIONI c1964 [1° Ed.: n.d.] a222 p. (prefazione: 15) aTRADUZIONE DAL FRANCESE DI EUGENIO FALSINA. NECESSITÀ DELLA DEVOZIONE A MARIA. FONDAMENTI. MARIA MEDIATRICE. VERI E FALSI DEVOTI. SCHIAVITÙ DI MARIA. PRATICHE DEVOTE. COMUNIONE EUCARISTICA. ATTO DI CONSACRAZIONE.  aSocietà San Paolo EM - Piazza San Paolo, 14 - 12051 ALBA (CN) (non commercial uses only) ® Copyright 2017 aTRADUZIONE DAL FRANCESE DI EUGENIO FALSINA. NECESSITÀ DELLA DEVOZIONE A MARIA. FONDAMENTI. MARIA MEDIATRICE. VERI E FALSI DEVOTI. SCHIAVITÙ DI MARIA. PRATICHE DEVOTE. COMUNIONE EUCARISTICA. ATTO DI CONSACRAZIONE.  aMARIA SS. ANGELI SANTI DEMONI